| 000 | 01579cam a22003494a 4500 | ||
|---|---|---|---|
| 090 | _c0 | ||
| 001 | 13565864 | ||
| 005 | 20060722162625.0 | ||
| 008 | 040421s2005 njua b 001 0 eng | ||
| 010 | _a 2004009418 | ||
| 020 | _a0471471313 (Cloth) | ||
| 040 |
_aDLC _cDLC _dDLC |
||
| 042 | _apcc | ||
| 050 | 0 | 0 |
_aTA418.9.N35 _bM525 2005 |
| 082 | 0 | 0 |
_a620.16 _222 _bMET |
| 245 | 0 | 0 |
_aMetal-Polymer Nanocomposites / _cEdited by Luigi Nicolais, Gianfranco Carotenuto. |
| 260 |
_aHoboken, N.J. : _bWiley-Interscience, _cc2005. |
||
| 300 |
_axiv, 300 p. : _bill. ; _c24 cm. |
||
| 504 | _aIncludes bibliographical references and index. | ||
| 650 | 0 | _aNanostructured materials. | |
| 650 | 0 | _aMetallic composites. | |
| 650 | 0 | _aPolymeric composites. | |
| 700 | 1 | _aNicolais, Luigi. | |
| 700 | 1 | _aCarotenuto, Gianfranco. | |
| 856 | 4 | 2 |
_3Publisher description _uhttp://www.loc.gov/catdir/description/wiley042/2004009418.html |
| 856 | 4 | 1 |
_3Table of contents only _uhttp://www.loc.gov/catdir/toc/wiley041/2004009418.html |
| 856 | 4 | 2 |
_3Book review (E-STREAMS) _uhttp://www.e-streams.com/es0803/es0803_3973.html |
| 856 | 4 | 2 |
_3Contributor biographical information _uhttp://www.loc.gov/catdir/enhancements/fy0616/2004009418-b.html |
| 942 |
_2ddc _cBB |
||
| 999 |
_c10391 _d10391 |
||